000 00729nam a2200181Ia 4500
008 100921s9999 xx 000 0 und d
082 _b22894
_a891.463 थ 85
100 _aमित्र बिमल,अनु.आपटे शरद.
245 _aमधली नदी साक्षीला.
260 _bनिशांत प्रकाशन, पुणे.
_c1985
300 _a121
_bभावे पुस्तक भांडार,पुणे
365 _b30
520 _aललित-कादंबरी.
630 _aमधली नदी साक्षीला.
650 _aललित-कादंबरी.
730 _aमधली नदी साक्षीला.
942 _cBOOK
999 _c772007
_d772004